Europe quarterly (Record no. 107428)

MARC details
000 -LEADER
fixed length control field 01062cai a22002295a 4500
001 - CONTROL NUMBER
control field L140119
008 - FIXED-LENGTH DATA ELEMENTS--GENERAL INFORMATION
fixed length control field 070905s2007 xxkd f s 000 0 eng d
035 ## - SYSTEM CONTROL NUMBER
System control number (Sirsi) u140119
041 0# - LANGUAGE CODE
Language code of text/sound track or separate title eng
050 04 - LIBRARY OF CONGRESS CALL NUMBER
Classification number 333.33 $2 18
110 2# - MAIN ENTRY--CORPORATE NAME
Corporate name or jurisdiction name as entry element Atisreal
9 (RLIN) 5337
245 00 - TITLE STATEMENT
Title Europe quarterly
Remainder of title investment market quarter two 2007
Medium [electronic resource]
260 ## - PUBLICATION, DISTRIBUTION, ETC.
Place of publication, distribution, etc. [s.l.]
Name of publisher, distributor, etc. Atisreal
Date of publication, distribution, etc. 2007
490 #0 - SERIES STATEMENT
Series statement Atisreal Europe Quarterly Investment Market
Volume/sequential designation Quarter Two 2007
520 ## - SUMMARY, ETC.
Summary, etc. Covers European investment market in commercial real estate. Presents European market indicators for second quarter 2007 compared to 2006. Comparative analysis of pan-European market trends, including investment volume, investment volume by product and prime office yields.
590 ## - LOCAL NOTE (RLIN)
Local note KA
650 24 - SUBJECT ADDED ENTRY--TOPICAL TERM
Topical term or geographic name entry element ATISREAL EUROPE QUARTERLY INVESTMENT MARKET
651 #4 - SUBJECT ADDED ENTRY--GEOGRAPHIC NAME
Geographic name Europe
690 ## - LOCAL SUBJECT ADDED ENTRY--TOPICAL TERM (OCLC, RLIN)
Topical term or geographic name as entry element PROPERTY-COMMERCIAL PROPERTY-COMMERCIAL PROPERTY MARKET
856 48 - ELECTRONIC LOCATION AND ACCESS
Uniform Resource Identifier <a href="https://www.atisreal.com/">https://www.atisreal.com/</a>
Hours access method available View this report free of charge at www.atisreal.com (see market research section)...
942 ## - ADDED ENTRY ELEMENTS (KOHA)
Suppress in OPAC 0
Holdings
Withdrawn status Lost status Source of classification or shelving scheme Damaged status Not for loan Home library Current library Shelving location Date acquired Total Checkouts Full call number Barcode Date last seen Copy number Price effective from Koha item type
    Dewey Decimal Classification     Virtual Virtual Online 13/09/2007   ONLINE PUBLICATION 140119-1001 06/08/2019 1 06/08/2019 Book